KOHA-Header-6

Natural Resources and Sustainability in Pakistan, Middle East and Africa. (Record no. 1481)

000 -LEADER
fixed length control field 00342nam a2200121Ia 4500
008 - FIXED-LENGTH DATA ELEMENTS--GENERAL INFORMATION
fixed length control field 190723s9999 xx 000 0 und d
020 ## - INTERNATIONAL STANDARD BOOK NUMBER
International Standard Book Number 969946638-3
100 ## - MAIN ENTRY--PERSONAL NAME
Personal name Tariq Hussain
245 #0 - TITLE STATEMENT
Title Natural Resources and Sustainability in Pakistan, Middle East and Africa.
260 ## - PUBLICATION, DISTRIBUTION, ETC. (IMPRINT)
Place of publication, distribution, etc Karachi
Name of publisher, distributor, etc RB Publisher
Date of publication, distribution, etc 2016
300 ## - PHYSICAL DESCRIPTION
Extent 304: p
942 ## - ADDED ENTRY ELEMENTS (KOHA)
Koha item type Books
Holdings
Withdrawn status Lost status Source of classification or shelving scheme Damaged status Not for loan Collection code Permanent Location Current Location Shelving location Date acquired Full call number Barcode Date last seen Price effective from Koha item type
          English Literature MAJU MAJU Shelf No.A13 2019-07-23 333.7 8104 2019-07-23 2019-07-23 English Literature

Powered by Koha